[Event "Styrian op U14/18 25th"]
[Site "Mureck"]
[Date "2018.08.08"]
[Round "8"]
[White "Herzog, Alexander Martin"]
[Black "Mensah, Aidan"]
[Result "1-0"]
[WhiteElo "1164"]
[BlackElo "876"]
[PlyCount "83"]
[EventDate "2018.08.01"]
[EventType "swiss"]
[EventRounds "9"]
[EventCountry "AUT"]
[SourceTitle "CBM 186 Extra"]
[Source "ChessBase"]
[SourceDate "2018.08.24"]
[SourceVersion "1"]
[SourceVersionDate "2018.08.24"]
[SourceQuality "1"]

1. d4 Nf6 2. c4 d5 3. Nc3 dxc4 4. e4 e5 5. dxe5 Qxd1+ 6. Kxd1 Ng4 7. Nf3 Nxf2+ 8. Ke1 Nxh1 9. Bxc4 Bc5 10. Nb5 0-0 11. Nxc7 Nf2 12. Nxa8 Na6 13. Bxa6 bxa6 14. Nc7 Bb7 15. Nd5 Nxe4 16. Nc3 Bb4 17. Bd2 Nxd2 18. Kxd2 Rd8+ 19. Kc2 Bc5 20. Re1 h6 21. Re2 Re8 22. Ne4 f5 23. Nxc5 Rc8 24. b4 a5 25. a3 axb4 26. axb4 a5 27. Kb3 Bd5+ 28. Ka3 axb4+ 29. Kxb4 Rb8+ 30. Ka5 Rb5+ 31. Kxb5 Kf7 32. Nd4 g5 33. e6+ Ke7 34. Nc6+ Kd6 35. Nb7+ Kc7 36. Nca5 Be4 37. Rd2 h5 38. Kc5 h4 39. Rd7+ Kc8 40. Nd6+ Kb8 41. Nc6+ Ka8 42. Ra7# 1-0